000 00332cam a22001217a 4500
008 180718b1982 xxu||||| |||| 00| 0 eng d
082 _aR153x5444 K128
100 _aKamble, N.D.
245 _aBonded labour in India
_cby N.D. Kamble
260 _aDelhi
_bUppal
_c1982
300 _a163p.
650 _aBonded labour - India - Karanataka
999 _c347306
_d347306